El ensayo en Panamá : Estudio, introducción y antología /
Zapisane w:
| 1. autor: | |
|---|---|
| Format: | Nieznany |
| Język: | Spanish |
| Wydane: |
Panamá :
Presidencia de la República,
1981.
|
| Seria: | (Biblioteca de la cultura panameña ;
tomo 7) |
| Hasła przedmiotowe: | |
| Etykiety: |
Dodaj etykietę
Nie ma etykietki, Dołącz pierwszą etykiete!
|
MARC
| LEADER | 000000000a22000000004500 | ||
|---|---|---|---|
| 001 | 003446 | ||
| 041 | 0 | |a spa | |
| 082 | 0 | 4 | |a P864.4 |b M676e |
| 100 | 1 | |a Miró, Rodrigo | |
| 245 | 1 | 3 | |a El ensayo en Panamá : |b Estudio, introducción y antología / |c Rodrigo Miró. |
| 260 | 1 | |a Panamá : |b Presidencia de la República, |c 1981. | |
| 300 | |a xxxiii, 505 páginas | ||
| 490 | 1 | |a (Biblioteca de la cultura panameña ; |v tomo 7) | |
| 650 | 4 | |a LITERATURA PANAMEÑA | |
| 650 | 4 | |a ENSAYOS | |
| 999 | |c 9669 |d 9669 | ||
| 942 | |c BK |h P864.4 M676e |2 z | ||
